| 000 | 01573nam a22004097a 4500 | ||
|---|---|---|---|
| 003 | CHAP | ||
| 005 | 20250903062748.0 | ||
| 008 | 100412s2010 mx r 00010 spa d | ||
| 010 | _a98074 | ||
| 011 | _a99046 | ||
| 035 | _a109731 | ||
| 040 | _cCHAP | ||
| 090 | _aTesis | ||
| 100 | 1 |
_aDomínguez Ordoñez, María Guadalupe. _933863 |
|
| 245 | 1 | 0 |
_aInóculo ruminal liofilizado para pruebas de digestibilidad y Fermentación in vitro _c/por María Guadalupe Domínguez Ordoñez |
| 260 |
_aChapingo, Méx. : _bEl autor, _c2007. |
||
| 300 |
_avii, 54 h. : _bcuadros |
||
| 502 | _aTesis (M.C. en Innovación Ganadera) -- UACH. Departamento de Zootecnia | ||
| 530 | _aTambién disponible en línea | ||
| 590 |
_aALEPH _b10 _c20130110 _lUCH01 _h1533 |
||
| 590 |
_aBATCH-UPD _b10 _c20130110 _lUCH01 _h1157 |
||
| 590 |
_aBATCH-UPD _b10 _c20130410 _lUCH01 _h0740 |
||
| 590 |
_aBATCH-UPD _b10 _c20130914 _lUCH01 _h1203 |
||
| 590 |
_aBATCH-UPD _b10 _c20140324 _lUCH01 _h1516 |
||
| 590 |
_aBATCH-UPD _b10 _c20141002 _lUCH01 _h0842 |
||
| 590 |
_aCONVERSION _b10 _c20130109 _lUCH01 _h1354 |
||
| 650 | 1 | 4 |
_aDigestión ruminal. _932568 |
| 650 | 1 | 7 |
_aForrajes _xDigestibilidad _2 _942568 |
| 650 | 1 | 4 |
_aForrajes _xFermentación. _942572 |
| 650 | 1 | 4 |
_aRumiantes. _9100840 |
| 650 | 1 | 4 |
_aUrea en alimentación animal. _9116890 |
| 856 |
_3Finding aid _uhttp://10.13.5.2/tesis/109731.pdf _zTeclea aqui |
||
| 901 | _aBK | ||
| 942 | _cFOLL | ||
| 949 |
_aTesis _bBC _cTES _d33724002166355 _eTS2 _fc.2 _gDonacØn _h50327 _i109731 _sb |
||
| 949 |
_aTesis _bBC _cTES _d33724002166397 _eTS1 _gDonacØn _h50326 _i109731 _sb |
||
| 999 |
_c98074 _d98074 |
||